000 00774nam a2200277 4500
001 314906
003 ARRUPE
005 20160913084555.0
008 711022s1970 enk b 001 0 eng
010 _a 73852498
015 _aB71-00410
020 _a0039100839
040 _aDLC
_cDLC
_dDLC
050 0 0 _aP90
_b.S39 1970
082 0 0 _a301.16
100 1 _aScupham, John.
_925618
245 1 4 _aThe revolution in communications.
260 _aLondon,
_aNew York,
_bHolt, Rinehart & Winston,
_c1970.
300 _a206 p.
_c21 cm.
350 _a£1.25
490 0 _aTechnology and the humanities series
504 _aIncludes bibliographies.
650 0 _aCommunication.
_911572
906 _a7
_bcbc
_corignew
_d3
_encip
_f19
_gy-gencatlg
942 _2lcc
_cMONOGRAPH
999 _c125193
_d125193